| 000 | 01741nam a2200517 i 4500 | ||
|---|---|---|---|
| 001 | 55423 | ||
| 003 | KOSZ 005 | ||
| 005 | 20210216132228.0 | ||
| 008 | 080317s2007 pl a f f |000 0 pol | ||
| 015 | _aUWD 2009/1178 | ||
| 020 | _a9788373952607 | ||
| 035 | _a991040616819705066 | ||
| 035 | _a(PL-WaBN)b20852587-48omnis_nlop | ||
| 035 | _ab20852587 | ||
| 035 | _a(OCoLC)233455245 | ||
| 035 | _a(PL)b0000002085258 | ||
| 035 | _a(EXLNZ-48OMNIS_NETWORK)9910323497005606 | ||
| 040 |
_aWA N _cWA N _dWA N _dKOSZ 005/HR |
||
| 046 | _k2007 | ||
| 080 | _a336.226.4(438) | ||
| 080 | _a504.5:502.3 | ||
| 080 | _a628.5 | ||
| 100 | 1 |
_aJanka, Ryszard Marian _eAutor |
|
| 245 | 1 | 0 |
_aPodstawy inżynierii środowiska : _bobliczanie emisji zanieczyszczeń gazowych / _cRyszard Marian Janka ; Uniwersytet Opolski. |
| 260 |
_aOpole : _bWydawnictwo Uniwersytetu Opolskiego, _c2007. |
||
| 300 |
_a302 s. : _bil. ; _c24 cm. |
||
| 336 |
_aTekst _btxt _2rdacontent |
||
| 337 |
_aBez urządzenia pośredniczącego _bn _2rdamedia |
||
| 338 |
_aWolumin _bnc _2rdacarrier |
||
| 380 | _aKsiążki | ||
| 388 | _a2001- | ||
| 504 | _aBibliogr. s. 301-302. | ||
| 650 | 7 |
_aGazy odlotowe _2DBN |
|
| 650 | 7 | _aEmisja gazów i pyłów | |
| 650 | 7 | _aPomiary | |
| 650 | 7 | _aUrządzenia | |
| 650 | 7 | _aInżynieria środowiska | |
| 650 | 7 |
_aKary i opłaty ekologiczne _2DBN |
|
| 651 | 7 | _aPolska | |
| 658 | _aOchrona środowiska | ||
| 658 | _aInżynieria i technika | ||
| 710 | 2 |
_aWydawnictwo Uniwersytetu Opolskiego _4pbl |
|
| 856 |
_uhttp://koha.tu.koszalin.pl/cgi-bin/koha/opac-detail.pl?biblionumber=55423 _yKatalog online BPK |
||
| 942 |
_2UKD _cKS |
||
| 999 |
_c55423 _d55423 |
||